Normal view MARC view
  • Customs fraud

Entry Topical Term

Number of records used in: 1

001 - CONTROL NUMBER

  • control field: 6701

003 - CONTROL NUMBER IDENTIFIER

  • control field: OSt

005 - DATE AND TIME OF LATEST TRANSACTION

  • control field: 20170522110731.0

008 - FIXED-LENGTH DATA ELEMENTS

  • fixed length control field: 170522|| aca||aabn | a|a d

040 ## - CATALOGING SOURCE

  • Original cataloging agency: OSt
  • Transcribing agency: OSt

150 ## - HEADING--TOPICAL TERM

  • Topical term or geographic name entry element: Customs fraud
  • Form subdivision: Handbook
  • General subdivision: Law and legislation

670 ## - SOURCE DATA FOUND

  • Source citation: Work cat.: (OSt): World Customs Organization, The Commercial Fraud Team, Enforcement Sub-Directorate. 6700, The WCO Handbook For Commercial Fraud Investigators / , [200?]
Pusat Sumber Maklumat Dato' Haji Sarmin Md Hussin, Akademi Kastam Diraja Malaysia, Melaka
Tel: 06-2331106 | Faks: 06-2313787